000 00547nam a2200229Ia 4500
003 OSt
005 20220918200557.0
006 a|||||r|||| 00| 0
007 ta
008 220917b |||||||| |||| 00| 0 eng d
024 _a89,382
037 _cTextual
040 _aARTS
_cARTS
_beng
041 _2eng
_aeng
082 _aU8xNDA, K2
100 _aDavison A
_994702
245 0 _aIn the wake of the Gemini
260 _c1962
650 _aGEOGRAPHY
942 _hU8xNDA, K2
_cTEXL
_2CC
999 _c213052
_d213052